Italian international banking 1900-1950

Salvato in:
Dettagli Bibliografici
Autore principale: di Quirico, Roberto
Natura: Libro
Lingua:inglese
Pubblicazione: San Domenico (FI) European University Institute 1998
Serie:EUI Working paper HEC No. 98/7
Soggetti:
Tags: Aggiungi Tag
Nessun Tag, puoi essere il primo ad aggiungerne!!

MARC

LEADER 00000nam a2200000 4500
001 c131888
005 20221109093803.3
041 0 |a eng 
044 |a IT 
245 1 0 |a Italian international banking 1900-1950  |c Roberto di Quirico 
264 1 |a San Domenico (FI)  |b European University Institute  |c 1998 
300 |a 57 s. 
490 1 |a EUI Working paper  |v HEC No. 98/7 
830 0 |a EUI Working paper  |v HEC No. 98/7 
610 2 0 |a bankovníctvo 
610 2 0 |a politika medzinárodná 
610 2 0 |a história 
610 2 0 |a trh finančný 
610 2 0 |a vojny 
610 2 0 |a kríza hospodárska 
610 2 0 |a Taliansko 
610 2 0 |a 1900-1950 
100 1 |a di Quirico, Roberto